All Europa League Finalists - Statistics

General Stats
  • This quiz has been taken 24 times
  • The average score is 44 of 65
Answer Stats
Country Answer % Correct
England Manchester United
100%
England Arsenal
95%
England Aston Villa
95%
England Tottenham Hotspur
95%
Netherlands Ajax
90%
Italy Juventus
90%
Netherlands PSV Eindhoven
90%
Italy Atalanta
86%
Germany Bayern Munich
86%
Portugal Benfica
86%
Scotland Celtic
86%
England Chelsea
86%
Netherlands Feyenoord
86%
Italy Lazio
86%
Portugal Porto
86%
Scotland Rangers
86%
Belgium Anderlecht
81%
Germany Bayer Leverkusen
81%
Russia CSKA Moscow
81%
Italy Inter Milan
81%
England Liverpool
81%
Italy Roma
81%
Italy Roma
81%
Spain Sevilla
81%
Spain Valencia
81%
Russia Zenit Saint Petersburg
81%
Belgium Club Brugge
76%
Germany Eintracht Frankfurt
76%
Serbia Red Star Belgrade
76%
Portugal Sporting CP
76%
Spain Atletico Madrid
71%
Germany Borussia Dortmund
71%
Portugal Braga
71%
France Marseille
71%
Spain Real Madrid
71%
Spain Villarreal
71%
Italy Fiorentina
67%
Turkey Galatasaray
67%
Germany Hamburger SV
67%
Sweden IFK Göteborg
67%
Italy Napoli
67%
Ukraine Shakhtar Donetsk
67%
Italy Parma
62%
Germany SC Freiburg
62%
Netherlands Twente
62%
Spain Athletic Bilbao
57%
Germany Borussia Mönchengladbach
57%
Spain Deportivo Alavés
57%
Austria RB Salzburg
57%
Germany Schalke 04
57%
Netherlands AZ Alkmaar
52%
Germany Werder Bremen
52%
France Bordeaux
48%
Ukraine Dnipro Dnipropetrovsk
48%
Germany 1. FC Köln
43%
England Fulham
43%
England Ipswich Town
43%
England Middlesbrough
43%
Italy Torino
43%
Germany VfB Stuttgart
38%
England Wolverhampton Wanderers
38%
Scotland Dundee United
33%
Spain Espanyol
24%
France Bastia
14%
Hungary Videoton
14%
No matching quizzes found
Score Distribution
Percent of People with Each Score
Percentile by Number Answered
Your Score History
You have not taken this quiz